The Only Country that Borders… - Statistics

General Stats
  • This quiz has been taken 54 times
  • The average score is 10 of 10
Answer Stats
Country Only Country % Correct
United Kingdom Ireland
100%
Vatican City Italy
100%
South Korea North Korea
100%
Qatar Saudi Arabia
100%
Lesotho South Africa
100%
Portugal Spain
100%
Ireland United Kingdom
100%
Canada United States
100%
San Marino Italy
97%
Haiti Dominican Republic
96%
Denmark Germany
96%
Dominican Republic Haiti
96%
Papua New Guinea Indonesia
96%
Brunei Malaysia
96%
Monaco France
95%
Gambia Senegal
89%
Timor-Leste Indonesia
88%
No matching quizzes found
Score Distribution
Percent of People with Each Score
Percentile by Number Answered
Your Score History
You have not taken this quiz